7 problèmes de technique comptable approfondie et de comptabilités spéciales (Record no. 37192)
[ view plain ]
| 000 -LEADER | |
|---|---|
| fixed length control field | 00693 a2200265 4500 |
| 037 ## - SOURCE OF ACQUISITION | |
| Source of stock number/acquisition | 3, Achat |
| 037 ## - SOURCE OF ACQUISITION | |
| Stock number | DE 60167 |
| 037 ## - SOURCE OF ACQUISITION | |
| Stock number | DE 60168 |
| 037 ## - SOURCE OF ACQUISITION | |
| Stock number | DE 60166 |
| 020 ## - NUMERO INTERNATIONAL NORMALISE DES LIVRES | |
| International Standard Book Number | 2-04-0044899-5 |
| 100 ## - VEDETTE PRINCIPALE - NOM DE PERSONNE | |
| Personal name | Garnier, Pierre |
| 100 ## - VEDETTE PRINCIPALE - NOM DE PERSONNE | |
| Language of a work | Fr |
| 260 ## - PUBLICATION, DISTRIBUTION, ETC. (IMPRINT) | |
| Place of publication, distribution, etc | Paris |
| 260 ## - PUBLICATION, DISTRIBUTION, ETC. (IMPRINT) | |
| Name of publisher, distributor, etc | Dunod |
| 245 ## - TITLE STATEMENT | |
| Title | 7 problèmes de technique comptable approfondie et de comptabilités spéciales |
| 260 ## - PUBLICATION, DISTRIBUTION, ETC. (IMPRINT) | |
| Date of publication, distribution, etc | 1976 |
| 300 ## - PHYSICAL DESCRIPTION | |
| Extent | 102 p. |
| 300 ## - PHYSICAL DESCRIPTION | |
| Other physical details | 24 cm |
| 440 ## - SERIES STATEMENT/ADDED ENTRY--TITLE | |
| Title | Dunod entreprise |
| 630 ## - SUBJECT ADDED ENTRY--UNIFORM TITLE | |
| Uniform title | 65 - Gestion et organisation de lindustrie, du commerce, de la communication et des transports |
| 650 ## - SUBJECT ADDED ENTRY--TOPICAL TERM | |
| Topical term or geographic name as entry element | 6 - SCIENCES APPLIQUEES |
| 650 ## - SUBJECT ADDED ENTRY--TOPICAL TERM | |
| Topical term or geographic name as entry element | Comptabilité |
| Withdrawn status | Lost status | Damaged status | Not for loan | Location (home branch) | Sublocation or collection (holding branch) | Date acquired | Koha issues (times borrowed) | Koha full call number | Koha date last seen | Price effective from | Koha item type |
|---|---|---|---|---|---|---|---|---|---|---|---|
| Bibliothèque Universitaire Centrale | Bibliothèque Universitaire Centrale | 28/02/2009 | 657 GAR | 28/02/2009 | 28/02/2009 | Livre |